| Tag |
First Indicator |
Second Indicator |
Subfields |
| LEADER |
00000cam a2200000 4500 |
| 001 |
in00001925674 |
| 006 |
m | d | |
| 007 |
cr |n||||||||n |
| 008 |
810401s1782 enk|||| s 00||||eng d |
| 005 |
20260414183622.1 |
| 035 |
|
|
|a (CStRLIN)ESTCT119481
|
| 040 |
|
|
|a Uk-ES
|c Uk-ES
|d CStRLIN
|d Thomson Gale
|d UtOrBLW
|
| 100 |
1 |
|
|a Johnson, Samuel,
|d 1709-1784.
|
| 243 |
1 |
0 |
|a Selections
|
| 245 |
1 |
4 |
|a The beauties of Johnson :
|b consisting of maxims and observations, moral, critical, and miscellaneous, accurately extracted from the works of Dr. Samuel Johnson, ...
|
| 250 |
|
|
|a Second edition, enlarged and corrected, and the references added.
|
| 264 |
|
3 |
|a London :
|b printed for G. Kearsly,
|c 1782.
|
| 300 |
|
|
|a vii, 5 unnumbered pages, 209, 3 unnumbered pages ;
|c 12⁰.
|
| 336 |
|
|
|a text
|b txt
|2 rdacontent
|
| 337 |
|
|
|a computer
|b c
|2 rdamedia
|
| 338 |
|
|
|a online resource
|b cr
|2 rdacarrier
|
| 500 |
|
|
|a With a final advertisement leaf.
|
| 500 |
|
|
|a Reproduction of original from the British Library.
|
| 510 |
4 |
|
|a English Short Title Catalog,
|c ESTCT119481.
|
| 533 |
|
|
|a Electronic reproduction.
|b Farmington Hills, Mich. :
|c Thomson Gale,
|d 2003.
|n Available via the World Wide Web.
|n Access limited by licensing agreements
|7 s2003 miunns
|
| 500 |
|
|
|a Electronic resource.
|
| 830 |
|
0 |
|a Eighteenth century collections online.
|
| 856 |
4 |
0 |
|u http://proxy.library.tamu.edu/login?url=https://galenet.galegroup.com/servlet/ECCO?c=1&stp=Author&ste=11&af=BN&ae=T119481&tiPG=1&dd=0&dc=flc&docNum=CW111181789&vrsn=1.0&srchtp=a&d4=0.33&n=10&SU=0LRK&locID=txshracd2898
|z Full text online
|t 0
|
| 999 |
|
|
|a MARS
|
| 999 |
f |
f |
|s e032bbab-cc49-3679-8d6d-e6d02320e673
|i a92c756c-d383-3b80-8e3c-36da73aef3d2
|t 0
|
| 952 |
f |
f |
|a Texas A&M University
|b College Station
|c Electronic Resources
|s www_evans
|d Available Online
|t 0
|h No information provided
|
| 998 |
f |
f |
|t 0
|l Available Online
|